000 00384nam a22001697a 4500
003 MPLRDC
005 20220104145738.0
008 210129b ||||| |||| 00| 0 eng d
082 _a857.9 ZY-29
100 _a朱羽
245 _a怒马飞沙
_c
250 _a初版
260 _a
_b鲁南出版社
_c1990
300 _b
650 _a武侠小说
942 _cBK
_o857.9 ZY-29
999 _c51491
_d51481